Greece : lonely planet.
| Format: | Book |
|---|---|
| Published: |
[Victoria]:
Lonely Planet Publications,
2012.
|
| Edition: | 10th ed. |
| Subjects: |
| LEADER | 00437cam a2200157 7i4500 | ||
|---|---|---|---|
| 001 | 0000028234 | ||
| 005 | 20130111090000.0 | ||
| 020 | 0 | 0 | |a 9781741799576 |
| 090 | 0 | 0 | |a GREC 910.202 |b GRE |
| 245 | 0 | 0 | |a Greece : |b lonely planet. |
| 250 | 0 | 0 | |a 10th ed. |
| 260 | 0 | 0 | |a [Victoria]: |b Lonely Planet Publications, |c 2012. |
| 300 | # | # | |a 814 p. |
| 650 | 0 | 0 | |a Greece -- |x Guidebooks |
| 651 | 0 | 0 | |a Greece |
| 999 | |a B000031626 |b Book |c Countries |e Business Information Centre | ||


